LEADER 00781nam0-22003011i-450- 001 990001143530403321 035 $a000114353 035 $aFED01000114353 035 $a(Aleph)000114353FED01 035 $a000114353 100 $a20000920d1967----km-y0itay50------ba 101 0 $aita 200 1 $aGeometria$fVittorio Dalla Volta 210 $aNapoli$cLiguori$d1967 610 0 $aGeometria$aManuali 676 $a516 700 1$aDalla Volta,$bVittorio$f<1918-1982>$0345994 801 0$aIT$bUNINA$gRICA$2UNIMARC 901 $aBK 912 $a990001143530403321 952 $aBF-51-0014$b11545$fMA1 952 $a27-I-38$b11544$fMA1 952 $aBF-51-0015$b11543$fMA1 959 $aMA1 962 $a51-01 996 $aGeometria$9344779 997 $aUNINA DB $aING01